Normal view MARC view
  • Richard, Gaston

Entry Nombre Personal

Number of records used in: 1

001 - NUMERO DE CONTROL

  • campo de control: 53655

003 - IDENTIFICADOR DE NUMERO DE CONTROL

  • campo de control: MX-MxUPN

005 - FECHA Y HORA DE LA ÜLTIMA TRANSACCIÓN

  • campo de control: 20240920135530.0

008 - DATOS DE LONGITUD FIJA

  • campo de control de longitud fija: 240920|| aca||aabn | aaa d

010 ## - NÚMERO DE CONTROL DE LA BIBLIOTECA DEL CONGRESO

  • Número de control LC: no2003083379

035 ## - NUMERO DE CONTROL

  • Número de control: (OCoLC)oca06131672

040 ## - FUENTE DE CATALOGACIÓN

  • Agencia original de catalogación: IEN
  • Lenguaje de catalogación: spa
  • Agencia de transcripción: IEN
  • Agencia que lo modifica: MX-MxUPN

100 1# - ENCABEZAMIENTO - NOMBRE PERSONAL

  • Nombre personal: Richard, Gaston

670 ## - FUENTE EN LA QUE SE LOCALIZARON DATOS

  • Cita de la fuente: Autoridades LC, 20 septiembre 2024 :
  • Información localizada: (Richard, Gaston)
  • Uniform Resource Identifier: https://lccn.loc.gov/no2003083379

902 ## - CATALOGADOR

  • Catalogador: MaríaRobles/200924